[Event "CZE-chT1E 2425"]
[Site "Czech Republic"]
[Date "2025.02.16"]
[Round "8.4"]
[White "Neumann, Filip"]
[Black "Jun, Rudolf Jr"]
[Result "1/2-1/2"]
[WhiteElo "2167"]
[BlackElo "2186"]
[PlyCount "48"]
[EventDate "2024.10.20"]
[EventType "team-tourn"]
[EventRounds "11"]
[EventCountry "CZE"]
[SourceTitle "CB16_2025"]
[SourceDate "2025.04.16"]
[SourceVersion "1"]
[SourceVersionDate "2025.04.16"]
[SourceQuality "1"]
[WhiteTeam "Poruba Slavoj II"]
[BlackTeam "Chotebor"]
[WhiteTeamCountry "CZE"]
[BlackTeamCountry "CZE"]

1. d4 Nf6 2. Nf3 d5 3. Bf4 c6 4. c3 Bf5 5. e3 Qb6 6. Qb3 Nbd7 7. h3 h6 8. Nbd2 e6 9. Be2 Ne4 10. Nxe4 Bxe4 11. 0-0 Bxf3 12. Bxf3 Qxb3 13. axb3 Nf6 14. Be5 Be7 15. b4 a6 16. Rfe1 0-0 17. Bxf6 Bxf6 18. e4 dxe4 19. Bxe4 Rad8 20. Bf3 Rfe8 21. Rad1 Kf8 22. Kf1 Rd6 23. Rd3 Red8 24. Rde3 Bg5 1/2-1/2

[Event "CZE-chT1E 2425"]
[Site "Czech Republic"]
[Date "2025.01.05"]
[Round "5.6"]
[White "Neumann, Filip"]
[Black "Slepov, Kyryl"]
[Result "1/2-1/2"]
[WhiteElo "2167"]
[BlackElo "2143"]
[PlyCount "241"]
[EventDate "2024.10.20"]
[EventType "team-tourn"]
[EventRounds "11"]
[EventCountry "CZE"]
[SourceTitle "CB16_2025"]
[SourceDate "2025.04.16"]
[SourceVersion "1"]
[SourceVersionDate "2025.04.16"]
[SourceQuality "1"]
[WhiteTeam "Poruba Slavoj II"]
[BlackTeam "Jundrov Jezdci"]
[WhiteTeamCountry "CZE"]
[BlackTeamCountry "CZE"]

1. d4 d5 2. Bf4 Nf6 3. e3 c5 4. Nc3 a6 5. dxc5 Qa5 6. Nf3 Bg4 7. Be2 Nc6 8. 0-0 e6 9. Ne5 Bf5 10. Bd3 Nxe5 11. Bxe5 Bg6 12. Bxf6 gxf6 13. Bxg6 hxg6 14. e4 Bxc5 15. exd5 0-0-0 16. Qf3 Qc7 17. g3 f5 18. Na4 Ba7 19. dxe6 fxe6 20. Qc3 b5 21. Qxc7+ Kxc7 22. Nc3 Rd2 23. Rac1 e5 24. Nb1 Rd7 25. Kg2 Rhd8 26. c4 b4 27. a3 a5 28. Rfe1 e4 29. Re2 Rd3 30. h4 Kc6 31. h5 gxh5 32. Rh1 Rh8 33. Nd2 bxa3 34. bxa3 Rxa3 35. Rb1 Ra2 36. Kf1 h4 37. Nb3 Ra3 38. gxh4 Rxh4 39. Kg2 Rg4+ 40. Kf1 Rg7 41. c5 Rd7 42. Rc2 Rd3 43. Nd2 Rdc3 44. Rxc3 Rxc3 45. Nb3 a4 46. Nd4+ Kxc5 47. Nxf5 Kc4 48. Nd6+ Kd3 49. Rd1+ Kc2 50. Nxe4 Rc4 51. Rd7 Bd4 52. Ke2 a3 53. Nd2 Rb4 54. Rc7+ Bc3 55. Ra7 Bxd2 56. Rxa3 Re4+ 57. Kf3 Re8 58. Kg4 Rg8+ 59. Kf3 Bc3 60. Ke4 Re8+ 61. Kf4 Kd3 62. f3 Rf8+ 63. Kg4 Kd4 64. Ra4+ Kd5 65. Re4 Be5 66. Ra4 Ke6 67. f4 Bd6 68. Kf3 Rb8 69. Ke4 Rb6 70. Rc4 Ra6 71. Rd4 Ra1 72. Rd3 Bc7 73. Rd4 Rf1 74. Ke3 Bb6 75. Ke2 Rb1 76. Rc4 Rb3 77. Kd2 Kf5 78. Ke2 Be3 79. Rc8 Bxf4 80. Rf8+ Ke4 81. Re8+ Be5 82. Re7 Rb2+ 83. Ke1 Kd4 84. Re8 Bf4 85. Rd8+ Ke3 86. Re8+ Kf3 87. Kd1 Rd2+ 88. Ke1 Rc2 89. Rd8 Rc7 90. Rd3+ Be3 91. Rd8 Rc1+ 92. Rd1 Rc2 93. Rd8 Ke4 94. Rd7 Bd4 95. Re7+ Kd3 96. Kf1 Rf2+ 97. Ke1 Rf6 98. Rd7 Rg6 99. Rf7 Bc5 100. Rf3+ Be3 101. Rf8 Rg3 102. Rd8+ Bd4 103. Rf8 Rg7 104. Rf3+ Ke4 105. Rf8 Rg2 106. Re8+ Kd3 107. Rf8 Re2+ 108. Kf1 Rc2 109. Re8 Bf6 110. Re6 Bh4 111. Re8 Bg3 112. Re7 Bf4 113. Re8 Be3 114. Re7 Rf2+ 115. Ke1 Bc5 116. Re8 Bd4 117. Re7 Rf8 118. Rd7 Rg8 119. Rf7 Rg1+ 120. Rf1 Rxf1+ 121. Kxf1 1/2-1/2

[Event "CZE-chT1E 2425"]
[Site "Czech Republic"]
[Date "2024.12.08"]
[Round "4.6"]
[White "Cupek, Martin"]
[Black "Neumann, Filip"]
[Result "0-1"]
[WhiteElo "2140"]
[BlackElo "2167"]
[PlyCount "94"]
[EventDate "2024.10.20"]
[EventType "team-tourn"]
[EventRounds "11"]
[EventCountry "CZE"]
[SourceTitle "CB16_2025"]
[SourceDate "2025.04.16"]
[SourceVersion "1"]
[SourceVersionDate "2025.04.16"]
[SourceQuality "1"]
[WhiteTeam "Trinec"]
[BlackTeam "Poruba Slavoj II"]
[WhiteTeamCountry "CZE"]
[BlackTeamCountry "CZE"]

1. e4 c5 2. Nf3 e6 3. d4 cxd4 4. Nxd4 Nf6 5. f3 d5 6. Bb5+ Bd7 7. Qe2 dxe4 8. fxe4 Bxb5 9. Qxb5+ Qd7 10. Nc3 a6 11. Qb6 Be7 12. Bf4 Qc8 13. Bd6 Nbd7 14. Qb4 Bxd6 15. Qxd6 Qc5 16. Qxc5 Nxc5 17. e5 Ng4 18. Nf3 Nd7 19. Ne4 Ngxe5 20. Nxe5 Nxe5 21. 0-0-0 Ke7 22. Rhe1 f6 23. Nc5 b6 24. Nd3 Nxd3+ 25. cxd3 Rac8+ 26. Kd2 Rc6 27. Rc1 Rhc8 28. Rc3 Rxc3 29. bxc3 Rc5 30. Re2 Kd6 31. d4 Ra5 32. Kd3 b5 33. Rc2 Ra3 34. Kd2 Kd5 35. Kc1 Ra4 36. Kb2 Rc4 37. a3 a5 38. Re2 b4 39. cxb4 axb4 40. a4 Rc3 41. a5 Ra3 42. Rc2 Rxa5 43. Rc7 Kxd4 44. Rxg7 Rg5 45. Rf7 Rxg2+ 46. Kb3 f5 47. Rxh7 f4 0-1

[Event "Moravia-Silesia Region-chT 2223"]
[Site "Czech Republic"]
[Date "2023.03.19"]
[Round "10"]
[White "Snyta, Zdenek"]
[Black "Neumann, Filip"]
[Result "1/2-1/2"]
[WhiteElo "1950"]
[BlackElo "2222"]
[PlyCount "67"]
[EventDate "2022.10.09"]
[EventType "team-tourn"]
[EventRounds "11"]
[EventCountry "CZE"]
[SourceTitle "EXT 2024"]
[Source "ChessBase"]
[SourceDate "2023.10.10"]
[SourceVersion "1"]
[SourceVersionDate "2023.10.10"]
[SourceQuality "1"]
[WhiteTeam "Dolni Benesov II"]
[BlackTeam "Ostrava III"]
[WhiteTeamCountry "CZE"]
[BlackTeamCountry "CZE"]

1. e4 c5 2. g3 Nc6 3. Bg2 e6 4. d3 d6 5. c3 Nge7 6. Nh3 g6 7. Bg5 Bg7 8. Qd2 Qb6 9. Na3 Ne5 10. 0-0 h6 11. Bxe7 Kxe7 12. f4 Nc6 13. Nc4 Qd8 14. Rae1 Kf8 15. f5 exf5 16. Nf4 Kg8 17. exf5 Bxf5 18. Ne3 Qd7 19. Nxf5 gxf5 20. Bh3 Ne5 21. Nh5 Qe6 22. Qf4 Qd5 23. Qxf5 Rh7 24. Bg2 Qe6 25. Be4 Qxf5 26. Bxf5 Rh8 27. Re2 Nc6 28. Kg2 Be5 29. Be4 Rc8 30. Bd5 Rc7 31. Ref2 Nd8 32. Kh3 Kf8 33. Nf4 Rg8 34. Ng2 1/2-1/2

[Event "CZE-chT2F 2223"]
[Site "Czech Republic"]
[Date "2023.01.22"]
[Round "7"]
[White "Rakus, Pavel"]
[Black "Neumann, Filip"]
[Result "1/2-1/2"]
[WhiteElo "2162"]
[BlackElo "2204"]
[PlyCount "112"]
[EventDate "2022.10.16"]
[EventType "team-tourn"]
[EventRounds "11"]
[EventCountry "CZE"]
[SourceTitle "EXT 2024"]
[Source "ChessBase"]
[SourceDate "2023.10.10"]
[SourceVersion "1"]
[SourceVersionDate "2023.10.10"]
[SourceQuality "1"]
[WhiteTeam "Dolni Benesov"]
[BlackTeam "Ostrava II"]
[WhiteTeamCountry "CZE"]
[BlackTeamCountry "CZE"]

1. Nf3 Nf6 2. g3 g6 3. Bg2 Bg7 4. 0-0 0-0 5. d4 d6 6. b3 Re8 7. Bb2 e5 8. dxe5 Nfd7 9. c4 dxe5 10. Nc3 Nc6 11. Nd5 Ne7 12. e4 Nc5 13. Qc2 c6 14. Ne3 Qc7 15. b4 Ne6 16. c5 b6 17. cxb6 axb6 18. Rfd1 Ba6 19. Ng4 f6 20. Qb3 Nc8 21. Bh3 Qf7 22. a4 h5 23. Ne3 Be2 24. Bxe6 Qxe6 25. Qxe6+ Rxe6 26. Rd8+ Kf7 27. Nd2 Bf8 28. Rd7+ Ke8 29. Rb7 Bxb4 30. Ndc4 Re7 31. Rxe7+ Kxe7 32. Kg2 Ke6 33. Rc1 Kd7 34. f4 b5 35. axb5 cxb5 36. Nd5 Bxc4 37. Nxb4 Ra4 38. Rd1+ Ke6 39. Nc6 Ra2 40. Nd8+ Ke7 41. Nc6+ Ke6 42. Nd8+ Ke7 43. Nc6+ Kf7 44. Rd7+ Ke6 45. Rd2 Nd6 46. Kf3 f5 47. exf5+ gxf5 48. fxe5 Ne4 49. Rc2 Nc5 50. Nb4 Ra4 51. Nc6 Bd5+ 52. Ke3 Re4+ 53. Kd2 Nb3+ 54. Kd1 Re3 55. Nd4+ Nxd4 56. Bxd4 Rd3+ 1/2-1/2

[Event "CZE-chT1E 2223"]
[Site "Czech Republic"]
[Date "2023.01.15"]
[Round "6.5"]
[White "Neumann, Filip"]
[Black "Jakubowski, Krzysztof"]
[Result "1/2-1/2"]
[WhiteElo "2178"]
[BlackElo "2473"]
[PlyCount "128"]
[EventDate "2022.10.08"]
[EventType "team-tourn"]
[EventRounds "11"]
[EventCountry "CZE"]
[SourceTitle "CBM 213 Extra"]
[Source "ChessBase"]
[SourceDate "2023.05.31"]
[SourceVersion "1"]
[SourceVersionDate "2023.05.31"]
[SourceQuality "1"]
[WhiteTeam "Ostrava"]
[BlackTeam "Poruba Slavoj"]
[WhiteTeamCountry "CZE"]
[BlackTeamCountry "CZE"]

1. e4 c5 2. Nf3 e6 3. Nc3 a6 4. d4 cxd4 5. Nxd4 b5 6. Bd3 Bb7 7. 0-0 Nc6 8. Nb3 Nf6 9. Re1 d6 10. Bf4 Be7 11. Qe2 Nd7 12. Rad1 0-0 13. a4 bxa4 14. Nxa4 Qc7 15. Qd2 Rfb8 16. Bg3 Bc8 17. Nc3 Nb4 18. Be2 Ne5 19. Nd4 Bd7 20. Ncb5 Bxb5 21. Nxb5 axb5 22. Qxb4 Ra4 23. Qd2 Rxe4 24. b3 Qb6 25. Kh1 Nc6 26. f3 Rd4 27. Bd3 Rd5 28. c4 bxc4 29. bxc4 Rh5 30. Be4 Rd8 31. Rb1 Qc7 32. c5 Rxc5 33. Bf2 f5 34. Bc2 Rd5 35. Qc3 Bf6 36. Qc4 Qc8 37. Ba4 Ne5 38. Qxc8 Rxc8 39. Bb3 Nc4 40. Rbc1 Bd4 41. Rxc4 Rxc4 42. Bxc4 Bxf2 43. Rxe6 Rd1+ 44. Re1+ d5 45. Rxd1 dxc4 46. Rc1 h5 47. g3 Kf7 48. Kg2 Bb6 49. Rxc4 g6 50. Rc6 Bd4 51. Kf1 Be5 52. Ke2 h4 53. f4 Bf6 54. Kd3 hxg3 55. hxg3 g5 56. fxg5 Bxg5 57. Kd4 Bf6+ 58. Kd5 Bb2 59. Rc2 Ba1 60. Rf2 Kg6 61. Ke6 Kg5 62. Rxf5+ Kg4 63. Rf4+ Kxg3 64. Rf1 Bd4 1/2-1/2

[Event "CZE-chT1E 2223"]
[Site "Czech Republic"]
[Date "2022.11.27"]
[Round "4.2"]
[White "Neumann, Filip"]
[Black "Chytilek, Roman"]
[Result "0-1"]
[WhiteElo "2178"]
[BlackElo "2303"]
[PlyCount "90"]
[EventDate "2022.10.08"]
[EventType "team-tourn"]
[EventRounds "11"]
[EventCountry "CZE"]
[SourceTitle "CBM 213 Extra"]
[Source "ChessBase"]
[SourceDate "2023.05.31"]
[SourceVersion "1"]
[SourceVersionDate "2023.05.31"]
[SourceQuality "1"]
[WhiteTeam "Ostrava"]
[BlackTeam "Brno Duras"]
[WhiteTeamCountry "CZE"]
[BlackTeamCountry "CZE"]

1. d4 Nf6 2. Nc3 d5 3. Bf4 c6 4. e3 Bf5 5. f3 e6 6. g4 Bg6 7. h4 h5 8. g5 Ng8 9. Bd3 Ne7 10. Nge2 Bxd3 11. cxd3 Nd7 12. Rb1 g6 13. b4 Bg7 14. b5 0-0 15. bxc6 bxc6 16. Rb7 e5 17. dxe5 Nxe5 18. d4 Nc4 19. Qa4 Nf5 20. Kf2 Re8 21. Nd1 Re6 22. Rxa7 Rxa7 23. Qxa7 Qe8 24. Ng3 Nfxe3 25. Nxe3 Rxe3 26. Rb1 Ra3 27. Rb8 Rxa7 28. Rxe8+ Kh7 29. Ne2 Rxa2 30. Be3 c5 31. Kf1 cxd4 32. Bxd4 Rxe2 33. Kxe2 Bxd4 34. Rd8 Ne3 35. Kd3 Nf5 36. Rxd5 Bf2 37. Ke4 Bxh4 38. f4 Kg7 39. Kf3 Be1 40. Rd1 Bb4 41. Rd8 Be7 42. Ra8 Nd4+ 43. Ke4 Ne6 44. Ke5 Bd8 45. f5 Bc7+ 0-1

[Event "Pardubice Czech op-E 33rd"]
[Site "Pardubice"]
[Date "2022.07.15"]
[Round "2.1"]
[White "Neumann, Filip"]
[Black "Roubalik, Jakub"]
[Result "1/2-1/2"]
[WhiteElo "2113"]
[BlackElo "2380"]
[PlyCount "60"]
[EventDate "2022.07.14"]
[EventType "team-swiss"]
[EventRounds "7"]
[EventCountry "CZE"]
[SourceTitle "CBM 209 Extra"]
[Source "ChessBase"]
[SourceDate "2022.09.30"]
[SourceVersion "1"]
[SourceVersionDate "2022.09.30"]
[SourceQuality "1"]
[WhiteTeam "RSA"]
[BlackTeam "Brno Moravska Slavia"]
[WhiteTeamCountry "CZE"]
[BlackTeamCountry "CZE"]

1. d4 Nf6 2. Nc3 d5 3. Bf4 e6 4. e3 a6 5. Nf3 c5 6. dxc5 Bxc5 7. Bd3 Nc6 8. 0-0 0-0 9. e4 h6 10. h3 dxe4 11. Nxe4 Nxe4 12. Bxe4 Qf6 13. Qc1 Rd8 14. c3 Bd7 15. Be3 Qe7 16. Re1 Bxe3 17. Qxe3 Be8 18. Rad1 Rxd1 19. Rxd1 Rd8 20. Rd2 Rxd2 21. Nxd2 Qd6 22. Nc4 Qd1+ 23. Kh2 b5 24. Qc5 bxc4 25. Bxc6 Bxc6 26. Qxc6 Qd2 27. Qc8+ Kh7 28. Qxa6 Qf4+ 29. Kg1 Qc1+ 30. Kh2 Qf4+ 1/2-1/2

[Event "Ostrava Konik op-A"]
[Site "Ostrava"]
[Date "2022.05.08"]
[Round "9"]
[White "Neumann, Filip"]
[Black "Dobrovolsky, Ladislav"]
[Result "0-1"]
[WhiteElo "2158"]
[BlackElo "2222"]
[PlyCount "145"]
[EventDate "2022.04.30"]
[EventType "swiss"]
[EventRounds "9"]
[EventCountry "CZE"]
[SourceTitle "CBM 208 Extra"]
[Source "ChessBase"]
[SourceDate "2022.07.31"]
[SourceVersion "1"]
[SourceVersionDate "2022.07.31"]
[SourceQuality "1"]

1. d4 d5 2. Nc3 c6 3. Bf4 Nf6 4. e3 Bf5 5. f3 e6 6. g4 Bg6 7. h4 h6 8. h5 Bh7 9. Bd3 Bxd3 10. cxd3 Qb6 11. Nge2 Nbd7 12. Qd2 c5 13. dxc5 Nxc5 14. d4 Ncd7 15. Kf2 Qa6 16. Rhc1 Be7 17. a4 0-0 18. Nb5 Ne8 19. Rc2 Rd8 20. Bg3 Nb8 21. Nc7 Nxc7 22. Bxc7 Rc8 23. b4 b5 24. Bxb8 Rxb8 25. Rca2 Qd6 26. Nf4 a6 27. axb5 axb5 28. Ra6 Qxb4 29. Qxb4 Bxb4 30. Rb1 Be7 31. Rc6 b4 32. Nd3 Rfc8 33. Ne5 Bf8 34. Rb2 Rxc6 35. Nxc6 Rb6 36. Ne5 Rb7 37. Ke2 Bd6 38. Nd3 Kf8 39. Kd2 Ke7 40. Kc2 Rc7+ 41. Kd2 Rb7 42. Kc2 g6 43. hxg6 fxg6 44. Kb3 Ra7 45. Kc2 Rc7+ 46. Kd2 Rb7 47. Kc2 Kf6 48. Nc5 Bxc5 49. dxc5 b3+ 50. Kc1 Ke7 51. Rh2 Rc7 52. Rxh6 Rxc5+ 53. Kb2 Rc2+ 54. Kxb3 Re2 55. e4 dxe4 56. f4 Kf6 57. Rh8 Rd2 58. Kc3 Rd7 59. Rf8+ Kg7 60. Re8 Kf7 61. Rh8 Rd3+ 62. Kc2 Rf3 63. Rh7+ Kf8 64. Kd2 Rxf4 65. Ke3 Rxg4 66. Ra7 Rh4 67. Rb7 Kg8 68. Re7 Rg4 69. Rxe6 Kg7 70. Rxe4 Rxe4+ 71. Kxe4 Kh6 72. Kf3 Kh5 73. Kg3 0-1

[Event "Ostrava Konik op-A"]
[Site "Ostrava"]
[Date "2022.05.07"]
[Round "8"]
[White "Neumann, Filip"]
[Black "Malinovsky, Petr"]
[Result "1-0"]
[WhiteElo "2158"]
[BlackElo "1930"]
[PlyCount "25"]
[EventDate "2022.04.30"]
[EventType "swiss"]
[EventRounds "9"]
[EventCountry "CZE"]
[SourceTitle "CBM 208 Extra"]
[Source "ChessBase"]
[SourceDate "2022.07.31"]
[SourceVersion "1"]
[SourceVersionDate "2022.07.31"]
[SourceQuality "1"]

1. d4 d5 2. Nc3 f5 3. Bf4 Nf6 4. e3 e6 5. Bd3 c5 6. Nb5 Na6 7. c3 c4 8. Bc2 Qb6 9. a4 Bd7 10. Nf3 Bxb5 11. axb5 Nc7 12. Ba4 Be7 13. Bxc7 1-0

[Event "Ostrava Konik op-A"]
[Site "Ostrava"]
[Date "2022.05.03"]
[Round "4"]
[White "Neumann, Filip"]
[Black "Chlevistan, Jakub"]
[Result "1-0"]
[WhiteElo "2158"]
[BlackElo "2068"]
[PlyCount "63"]
[EventDate "2022.04.30"]
[EventType "swiss"]
[EventRounds "9"]
[EventCountry "CZE"]
[SourceTitle "CBM 208 Extra"]
[Source "ChessBase"]
[SourceDate "2022.07.31"]
[SourceVersion "1"]
[SourceVersionDate "2022.07.31"]
[SourceQuality "1"]

1. d4 Nf6 2. Nc3 d5 3. Bf4 Bf5 4. e3 e6 5. f3 Bd6 6. g4 Bxf4 7. exf4 Bg6 8. h4 h5 9. f5 exf5 10. g5 Ng8 11. Nge2 Ne7 12. Nf4 Qd6 13. Qd2 c6 14. Nce2 Nd7 15. Bh3 Nf8 16. Kf2 Ne6 17. Rae1 0-0-0 18. Nxe6 Qxe6 19. Ng3 Qd6 20. Re5 f6 21. Re2 Rhe8 22. Rhe1 Bf7 23. Qa5 Kb8 24. Qa3 Qxa3 25. bxa3 Ng6 26. Rxe8 Rxe8 27. Rxe8+ Bxe8 28. Nxh5 fxg5 29. hxg5 Bd7 30. Nxg7 Nf4 31. Bxf5 Bxf5 32. Nxf5 1-0

[Event "Ostrava Konik op-A"]
[Site "Ostrava"]
[Date "2022.04.30"]
[Round "1"]
[White "Fizer, Marek"]
[Black "Neumann, Filip"]
[Result "1-0"]
[WhiteElo "1976"]
[BlackElo "2158"]
[PlyCount "115"]
[EventDate "2022.04.30"]
[EventType "swiss"]
[EventRounds "9"]
[EventCountry "CZE"]
[SourceTitle "CBM 208 Extra"]
[Source "ChessBase"]
[SourceDate "2022.07.31"]
[SourceVersion "1"]
[SourceVersionDate "2022.07.31"]
[SourceQuality "1"]

1. e4 c5 2. Nf3 Nc6 3. d4 cxd4 4. Nxd4 g6 5. c4 Bg7 6. Be3 Nf6 7. Nc3 Ng4 8. Qxg4 Nxd4 9. Qd1 e5 10. Bd3 0-0 11. 0-0 d6 12. Bxd4 exd4 13. Nd5 Be6 14. Qb3 Bxd5 15. cxd5 Qb6 16. Qxb6 axb6 17. a4 Rfc8 18. Ra3 Rc7 19. f4 b5 20. Bxb5 Rc2 21. Raf3 Rac8 22. b3 R8c3 23. Bc4 Rb2 24. R3f2 Rxf2 25. Kxf2 Kf8 26. Re1 Rc2+ 27. Re2 Rxe2+ 28. Kxe2 Bh6 29. Kf3 g5 30. fxg5 Bxg5 31. Kg4 Bd2 32. Kf5 Ke7 33. e5 Bb4 34. e6 Bc3 35. Ke4 Kf6 36. g4 Ke7 37. h4 Be1 38. h5 Bf2 39. g5 Be3 40. Kf5 Bd2 41. exf7 Kxf7 42. g6+ hxg6+ 43. hxg6+ Ke7 44. g7 Kf7 45. g8Q+ Kxg8 46. Ke6 Bb4 47. Kd7 Bc5 48. Kc7 b6 49. Kc6 Kf7 50. Kb5 d3 51. Bxd3 Ke7 52. b4 Be3 53. Kc6 Bd2 54. Kxb6 Bxb4 55. a5 Kd8 56. a6 Kc8 57. a7 Bc5+ 58. Ka6 1-0

[Event "CZE-chT 2122"]
[Site "Czech Republic"]
[Date "2022.04.10"]
[Round "15.1"]
[White "Neumann, Filip"]
[Black "Votava, Jan"]
[Result "0-1"]
[WhiteElo "2175"]
[BlackElo "2492"]
[PlyCount "76"]
[EventDate "2021.10.15"]
[EventType "team-tourn"]
[EventRounds "15"]
[EventCountry "CZE"]
[SourceTitle "EXT 2023"]
[Source "ChessBase"]
[SourceDate "2022.10.05"]
[SourceVersion "1"]
[SourceVersionDate "2022.10.05"]
[SourceQuality "1"]
[WhiteTeam "Ostrava Labortech"]
[BlackTeam "Pardubice"]
[WhiteTeamCountry "CZE"]
[BlackTeamCountry "CZE"]

1. Nc3 d5 2. Nf3 Nf6 3. e3 g6 4. b3 Bg7 5. Bb2 c5 6. Ne2 Nc6 7. Ng3 0-0 8. Bb5 Bd7 9. 0-0 a6 10. Bxc6 Bxc6 11. d4 cxd4 12. Bxd4 Rc8 13. Rc1 b5 14. Ne5 Bb7 15. Qe2 Nd7 16. Nxd7 Qxd7 17. Bxg7 Kxg7 18. Rfd1 Qe6 19. Rd4 Rc7 20. Qd2 Rfc8 21. Ne2 Qf5 22. Ng3 Qf6 23. f4 h5 24. Ne2 Kg8 25. a4 bxa4 26. Rxa4 e5 27. Rb4 Re8 28. Rd1 Qe7 29. Kf2 Rxc2 30. Qxc2 Qxb4 31. fxe5 Qh4+ 32. Kg1 Rxe5 33. Qc7 Rxe3 34. Qxb7 Rxe2 35. Rf1 Qd4+ 36. Kh1 Qf2 37. Qc8+ Kh7 38. Rg1 Re1 0-1

[Event "CZE-chT2F 2122"]
[Site "Czech Republic"]
[Date "2022.02.27"]
[Round "9.1"]
[White "Neumann, Filip"]
[Black "Dobrovolsky, Ladislav"]
[Result "1-0"]
[WhiteElo "2108"]
[BlackElo "2247"]
[PlyCount "87"]
[EventDate "2021.10.17"]
[EventType "team-tourn"]
[EventRounds "11"]
[EventCountry "CZE"]
[SourceTitle "EXT 2024"]
[Source "ChessBase"]
[SourceDate "2023.10.10"]
[SourceVersion "1"]
[SourceVersionDate "2023.10.10"]
[SourceQuality "1"]
[WhiteTeam "Ostrava"]
[BlackTeam "Poruba Slavoj III"]
[WhiteTeamCountry "CZE"]
[BlackTeamCountry "CZE"]

1. Nf3 d5 2. d4 e6 3. Bf4 Nf6 4. e3 Be7 5. Nbd2 0-0 6. Bd3 b6 7. Ne5 Bb7 8. Qf3 Nbd7 9. Qh3 g6 10. Bh6 Re8 11. f4 Ne4 12. Nxe4 Nxe5 13. fxe5 dxe4 14. Bb5 c6 15. Bc4 Bh4+ 16. g3 Bg5 17. 0-0 Bxh6 18. Qxh6 Re7 19. Rf4 Qf8 20. Qg5 b5 21. Bb3 Rae8 22. Raf1 c5 23. c3 Rc7 24. Rf6 Qg7 25. Qg4 cxd4 26. exd4 Qh6 27. Qe2 a6 28. R1f4 Rd8 29. Qe3 Qg7 30. a3 a5 31. Bc2 b4 32. axb4 axb4 33. Bxe4 bxc3 34. bxc3 Bxe4 35. Qxe4 Qh6 36. Qf3 Rb8 37. h4 Rb2 38. Rxe6 Ra7 39. Re8+ Kg7 40. Ra8 Rb1+ 41. Kg2 Rb2+ 42. Kh3 Rxa8 43. Qxa8 g5 44. Rf6 1-0

[Event "Ceske Budejovice op"]
[Site "Ceske Budejovice"]
[Date "2021.07.06"]
[Round "6"]
[White "Neumann, Filip"]
[Black "Marsalek, Zdenek"]
[Result "1/2-1/2"]
[WhiteElo "2082"]
[BlackElo "2202"]
[PlyCount "62"]
[EventDate "2021.07.01"]
[EventType "swiss"]
[EventRounds "9"]
[EventCountry "CZE"]
[SourceTitle "CBM 203 Extra"]
[Source "ChessBase"]
[SourceDate "2021.09.30"]
[SourceVersion "1"]
[SourceVersionDate "2021.09.30"]
[SourceQuality "1"]

1. d4 d5 2. Bf4 Nf6 3. e3 c5 4. Nf3 Qb6 5. Nc3 c4 6. Rb1 e6 7. Be2 Bb4 8. 0-0 Qa5 9. Nd2 Nc6 10. Bxc4 dxc4 11. Nxc4 Qd8 12. Nb5 0-0 13. Nc7 Rb8 14. c3 Be7 15. Nb5 a6 16. Bc7 Qd5 17. Nba3 b5 18. Bxb8 Nxb8 19. Nb6 Qxa2 20. b4 Bb7 21. f3 Nd5 22. Ra1 Qb2 23. Nxd5 Bxd5 24. e4 Ba2 25. Qc2 Qxc2 26. Nxc2 Bb3 27. Ne3 Rc8 28. Rfc1 Kf8 29. Kf2 Ke8 30. Ke2 Kd7 31. Kd3 Bg5 1/2-1/2

[Event "Ceske Budejovice op"]
[Site "Ceske Budejovice"]
[Date "2021.07.05"]
[Round "5"]
[White "Mach, Ondrej"]
[Black "Neumann, Filip"]
[Result "0-1"]
[WhiteElo "1834"]
[BlackElo "2082"]
[PlyCount "46"]
[EventDate "2021.07.01"]
[EventType "swiss"]
[EventRounds "9"]
[EventCountry "CZE"]
[SourceTitle "CBM 203 Extra"]
[Source "ChessBase"]
[SourceDate "2021.09.30"]
[SourceVersion "1"]
[SourceVersionDate "2021.09.30"]
[SourceQuality "1"]

1. d4 d5 2. c4 e6 3. Nc3 c5 4. cxd5 cxd4 5. Qa4+ Bd7 6. Qxd4 exd5 7. Qxd5 Nc6 8. Bf4 Nf6 9. Qd1 Qb6 10. Qc1 Bf5 11. e3 Nb4 12. Bb5+ Ke7 13. Kf1 Ne4 14. Nge2 Rc8 15. Nd4 Qg6 16. a3 Nxc3 17. bxc3 Bd3+ 18. Kg1 Nd5 19. Qd2 Bb1 20. Ne2 Rd8 21. h3 Nxf4 22. Nxf4 Rxd2 23. Nxg6+ Bxg6 0-1

[Event "Ceske Budejovice op"]
[Site "Ceske Budejovice"]
[Date "2021.07.03"]
[Round "3"]
[White "Neumann, Filip"]
[Black "Jirasko, Miroslav"]
[Result "0-1"]
[WhiteElo "2082"]
[BlackElo "1852"]
[PlyCount "88"]
[EventDate "2021.07.01"]
[EventType "swiss"]
[EventRounds "9"]
[EventCountry "CZE"]
[SourceTitle "CBM 203 Extra"]
[Source "ChessBase"]
[SourceDate "2021.09.30"]
[SourceVersion "1"]
[SourceVersionDate "2021.09.30"]
[SourceQuality "1"]

1. e4 c6 2. c4 d5 3. exd5 cxd5 4. cxd5 Nf6 5. Bb5+ Nbd7 6. Nc3 g6 7. Nf3 Bg7 8. d6 exd6 9. Qe2+ Qe7 10. Qxe7+ Kxe7 11. 0-0 Rd8 12. d4 h6 13. Bf4 Nb6 14. a4 Nbd5 15. Rfe1+ Be6 16. Bd2 Kf8 17. Bd3 g5 18. Rac1 a6 19. h3 Rac8 20. Ne2 Ng8 21. Ng3 Nge7 22. Ba5 Rxc1 23. Rxc1 Rc8 24. Rxc8+ Bxc8 25. Bc4 Nc6 26. Bxd5 Nxa5 27. Ne4 Ke7 28. Bxf7 Be6 29. Bxe6 Kxe6 30. Nc3 Nb3 31. Ne2 Kd5 32. Kf1 Nxd4 33. Nexd4 Bxd4 34. Nxd4 Kxd4 35. Ke2 Ke4 36. g3 h5 37. f3+ Ke5 38. a5 h4 39. f4+ gxf4 40. g4 d5 41. Kd3 d4 42. Kd2 Ke4 43. Ke2 f3+ 44. Kd2 d3 0-1

[Event "CZE-ch Betsys Online Blitz"]
[Site "Chess.com INT"]
[Date "2021.04.17"]
[Round "12"]
[White "Olsarova, Karolina"]
[Black "Neumann, Filip"]
[Result "1-0"]
[WhiteElo "2290"]
[BlackElo "2098"]
[PlyCount "71"]
[EventDate "2021.04.17"]
[EventType "swiss (blitz)"]
[EventRounds "13"]
[EventCountry "CZE"]
[SourceTitle "CBM 201 Extra"]
[Source "ChessBase"]
[SourceDate "2021.05.31"]
[SourceVersion "1"]
[SourceVersionDate "2021.05.31"]
[SourceQuality "1"]

1. e4 e5 2. Nf3 Nc6 3. Bc4 Nf6 4. d3 h6 5. Nbd2 Be7 6. c3 d6 7. Bb3 Be6 8. Bc2 g5 9. d4 Bg4 10. h3 Bh5 11. dxe5 Nxe5 12. Qe2 Qd7 13. Nc4 Bxf3 14. gxf3 Nxc4 15. Qxc4 0-0-0 16. Be3 a6 17. 0-0-0 Qe6 18. Bb3 Qxc4 19. Bxc4 Rhf8 20. h4 Nd7 21. hxg5 hxg5 22. f4 f5 23. exf5 Rxf5 24. Be6 Ra5 25. fxg5 Bxg5 26. Bxg5 Rxg5 27. Rh7 Re5 28. Bh3 Re4 29. Rg1 b5 30. Rxd7 Rxd7 31. Rg8+ Kb7 32. Bxd7 Re1+ 33. Kd2 Rb1 34. Kc2 Re1 35. Rf8 Re7 36. Bg4 1-0